000 01044nam a2200253Ia 4500
001 21667
005 20260417120931.0
008 260320s9999||||xx |||||||||||||| ||und||
020 _a9788436850222
041 _aESP
082 _a155.28
_bS25
100 _aSantamaría Fernández, Pablo,
_eAUT
245 0 _aManual práctico para el buen uso de los test psicológicos
260 _aMadrid :
_bEdiciones Pirámide,
_c2025
300 _a245 páginas :
_btablas, gráficos ;
_c24 cm.
440 _a(Colección Psicología. Manuales prácticos)
650 _aPSI
653 _aEvaluación psicológica - Psicología; Psicometría
654 _aCPS
700 _aVicente Colomina, Aída de,
_cAUT
856 _uhttps://0u20vwvic-y-https-ebookcentral-proquest-com.itmsp.museknowledge.com/lib/catolicasp/home.action
_zVéase además: Base de datos ProQuest Ebook Central
856 _uhttps://0u20fwvpk-y-https-research-ebsco-com.itmsp.museknowledge.com/c/qxo6us/search
_zVéase además: Base de datos EBSCOhost
942 _cLIB
_dJUS
_fMAT
_2ddc
999 _c21667
_d21667